000 00380 a2200169 4500
001 73593
020 _a8501154059
040 _cAnchieta - Colégio São Paulo
100 _aRibeiro, João Ubaldo
240 1 0 _aO sorriso do lagarto
_lpor
245 1 0 _aO sorriso do lagarto
300 _a362
362 0 _a0
440 1 _aRecord
650 4 _aFicção brasileira
942 _cBK
999 _c73593
_d73593